00609nam a2200169 i 450000100060000000300090000600500170001500700030003200800410003510000320007624500970010826000420020530000210024785200320026899900170030095201220031723906ES-MaACL20230906152944.0t|021213s1972 sp ||||1| spa d1 aAnorbin, Antón de.92181510aMensaje b: semblaza y actualidad del siervo de Dios P. Juan Vicente / cAntón de Anorbin. aVitoria : bLa Obra Máxima, c1972. a90 p. ; c17 cm. aES-MaACLjC-44449 bR.81302 c23906d23906 00104070aATENEOMbATENEOMcDEPO2d2008-01-17eSCl0oC-44449p1024639r2023-02-23 00:00:00w2023-02-23yMONOGRAFIA